Big State Bonanza Quiz Stats

 Plays Quiz Updated Nov 30, 2017

Challenge
Share
Tweet
Embed
Score 0/15 Timer 05:00
19 Plays Today
Question Your State Rank/Answer % Correct
????
100%
????
94.3%
????
92.9%
????
85.4%
????
82.1%
????
71%
????
63.2%
????
63.1%
Question Your State Rank/Answer % Correct
????
55.1%
????
46.8%
????
44.8%
????
36.3%
????
31.5%
????
19.2%
????
11.2%

You're not logged in!

Compare scores with friends on all Sporcle quizzes.
OR
Log In

You Might Also Like...

Show Comments

Extras

Top Quizzes Today


Score Distribution

Your Account Isn't Verified!

In order to create a playlist on Sporcle, you need to verify the email address you used during registration. Go to your Sporcle Settings to finish the process.

Report this User

Report this user for behavior that violates our Community Guidelines.

Details: